000 00208 a2200109 4500
020 _a0-590-48597-0
041 _aspa
100 _amcmillan,bruce
245 _aa comer fracciones
942 _cBK
952 _71
999 _c17913
_d17913